000 00514nam a2200205Ia 4500
003 OSt
005 20140507093120.0
008 140130s9999 xx 000 0 und d
020 _a0590445081
050 _aPZ 7
_b.Z487Cm 1988
100 _aZiefert, Harriet
245 _cHarriet Ziefert
_aA clean house for mole and mouse /
260 _bScholastic,
_c1988.
_aNew York :
300 _a[30] p. :
_bcol. ill. ;
_c23 cm.
440 _v1
521 _aG1
526 _c170
942 _cBK
_2lcc
999 _c39901
_d39901